| 000 | 00663nam a22001817a 4500 | ||
|---|---|---|---|
| 003 | CEME | ||
| 005 | 20210628202209.0 | ||
| 008 | 210209b xxu||||| |||| 00| 0 eng d | ||
| 020 | _a0-8247-5628-2 | ||
| 040 | _c. | ||
| 082 | _a530.141 HAN | ||
| 100 |
_aBansal , Rajeev _958712 |
||
| 245 | _aHandbook of engineering electromagnetics | ||
| 260 |
_aNEW YORK _bMARCEL DEKKER _c2004 |
||
| 300 | _aX,706P | ||
| 650 |
_aENGINEERING ELECTROMAGNETICS.APPLIED ELECTROSTATICS.MAGNETOSTATICS.WAVE PROPAGATION.TRANSMISSION LINES.WAVEGUIDES AND RESONATORS.ANTENNAS.RADAR.WIRELESS COMMUNICATION SYSTEMS.OPTICAL COMMUNICATION.NUMERICAL TECHNIQUES. _958713 |
||
| 942 |
_cBK _2ddc |
||
| 999 |
_c568845 _d568845 |
||